| 000 | 00516nam a2200193Ia 4500 | ||
|---|---|---|---|
| 999 |
_c10249 _d10249 |
||
| 003 | OSt | ||
| 005 | 20191219143350.0 | ||
| 008 | 190216s9999||||xx |||||||||||||| ||und|| | ||
| 020 | _a0706995864 | ||
| 040 | _coclc | ||
| 082 |
_a337 _bMAN/I |
||
| 100 |
_aMannur, H G _9545 |
||
| 245 | 0 |
_aInternational Economics / _cH G Mannur |
|
| 250 | _a2nd ed. | ||
| 260 |
_bVikas Publishing House, _c1998. _aDelhi: |
||
| 300 | _a461p | ||
| 650 | _aEconomics | ||
| 942 |
_cBK _2ddc _h337 _iMAN/I _k337 _mMAN/I |
||